| 000 | 00905nam a22003017a 4500 | ||
|---|---|---|---|
| 001 | BR7314245 | ||
| 003 | BR-BrBNA | ||
| 005 | 20230928084259.0 | ||
| 007 | ta | ||
| 008 | 230509b bl.||||| |||| 00| 0 por d | ||
| 040 |
_aBR-BrBNA _bpor _cBiblioteca Nacional de Agricultura |
||
| 041 | _a(Por) | ||
| 072 |
_aE10 _b/G514 |
||
| 090 | _ E10 BR7314245 | ||
| 100 | 1 | _aAraujo, P.C. de | |
| 110 | 1 |
_aUniversidade Federal de Vicosa, MG (Brasil) _0Tese (Mestrado) |
|
| 245 | 1 | _aCombinacao de exploracoes agropecuarias em propriedades agricolas da regiao dos cocais, estado do Maranhao, 1972/1973 [Brasil] | |
| 260 | 3 |
_aVicosa, MG (Brasil): _c1974. |
|
| 300 | _a98 p. | ||
| 500 | _a34 tables; 20 ref.; Summary (Por) | ||
| 650 | _aAGRICULTURA | ||
| 650 | _aPECUARIA | ||
| 650 | _aPROPRIEDADE RURAL | ||
| 650 | _aCOCAIS | ||
| 650 | _aMARANHAO | ||
| 909 |
_a202309 _bLucia _c55 _dLucia Elande |
||
| 942 | _cBK | ||
| 999 |
_c17887 _d17887 |
||